Estadísticas para Máximos goleadores de la Primera División de España 2014-2015

Haz click aquí para intentar la prueba.

Estadísticas generales

  • Esta prueba ha sido intentada 41 veces
  • La puntuación promedio es 8 de 11

Estadísticas de respuestas

GolesNacionalidadEquipoJugador% Correcto
48PortugalReal Madrid Club de FútbolCristiano Ronaldo
100%
43ArgentinaFútbol Club BarcelonaLionel Messi
100%
16UruguayFútbol Club BarcelonaLuis Suárez
100%
22BrasilFútbol Club BarcelonaNeymar
100%
22FranciaClub Atlético de MadridAntoine Griezmann
97%
15FranciaReal Madrid Club de FútbolKarim Benzema
97%
18EspañaAthletic ClubAritz Aduriz
95%
20ColombiaSevilla Fútbol ClubCarlos Bacca
77%
14EspañaReal Club Deportivo EspanyolSergio García
36%
17EspañaRayo Vallecano de MadridAlberto Bueno
21%
14BrasilElche Club de FútbolJonathas de Jesus
18%

Distribución de puntuación

Porcentaje por número respondido

Porcentaje de gente con cada puntuación

Historial de tus puntuaciones

No has intentado esta prueba.